000 004780000a22001810004500
003 MACL
005 20151021111901.0
008 151021b xxu||||| |||| 00| 0 eng d
040 _aMACL
_cMACL
041 _aEnglish
082 _a954/KHA
100 _aKhan, Wali
_916098
245 _aFacts Are Facts
_bThe Untold Story Of India's Partition
260 _bVikas Publishing House Pvt. Ltd.
_c1987
_aNew Delhi
350 _a125
650 _aHistory
_916099
942 _cBK
_k954
_2ddc
999 _c6479
_d6479